[Event "Prva liga Centalne Srbije 2009"]
[Site "Vrnjacka Banja"]
[Date "2009.09.24"]
[Round "8.3"]
[White "Lazic, Dragoljub"]
[Black "Kosanovic, Dragan"]
[Result "1/2-1/2"]
[WhiteElo "2317"]
[BlackElo "2314"]
[PlyCount "105"]
[EventDate "2009.09.19"]

1. e4 e6 2. d4 d5 3. Nd2 Nd7 4. Ngf3 Ne7 5. Bd3 c5 6. c3 cxd4 7. cxd4 dxe4 8.
Nxe4 Nd5 9. O-O Be7 10. Bd2 O-O 11. Rc1 b6 12. Ne5 Bb7 13. Qe2 f5 14. Nxd7 Qxd7
15. Bb5 Qd8 16. Nc3 Qd6 17. Bc4 Bf6 18. Rfd1 Kh8 19. a3 Rfe8 20. Bxd5 exd5 21.
Qd3 Qd7 22. Re1 Rac8 23. Bf4 g5 24. Rxe8+ Rxe8 25. Bd2 f4 26. Re1 Rxe1+ 27.
Bxe1 Qe8 28. Qd1 Kg8 29. h3 Bc6 30. Kf1 Bb5+ 31. Kg1 Bc6 32. a4 Qe7 33. b4 Bb7
34. b5 Kg7 35. Kf1 Qc7 36. Ne2 Qc4 37. f3 a6 38. Bf2 axb5 39. axb5 Qxb5 40. Kg1
Ba6 41. Nc3 Qc6 42. Qd2 Bc8 43. Qb2 Bf5 44. Na2 Qa4 45. Nb4 Qb5 46. Be1 Be7 47.
Bc3 Qc4 48. Qd2 Bf6 49. Qb2 Qb5 50. Qd2 Qc4 51. Qb2 h5 52. Qd2 Kg6 53. Qb2
1/2-1/2

[Event "Prva liga Centalne Srbije 2009"]
[Site "Vrnjacka Banja"]
[Date "2009.09.24"]
[Round "8.4"]
[White "Boskovic, Drasko"]
[Black "Govedarica, Radovan"]
[Result "1-0"]
[WhiteElo "2436"]
[BlackElo "2394"]
[Annotator ",metrocc"]
[PlyCount "26"]
[EventDate "2009.09.19"]

1. e4 c5 2. Nf3 d6 3. Bc4 e6 4. c3 Nf6 5. d3 a6 6. Bb3 Nc6 7. O-O g6 8. Re1 Bg7
9. d4 O-O 10. Nbd2 b5 11. Nf1 Bb7 12. Ng3 Qc7 13. Bd2 a5 1-0

[Event "Prva liga Centalne Srbije 2009"]
[Site "Vrnjacka Banja"]
[Date "2009.09.24"]
[Round "8.4"]
[White "Lapcevic, Milos"]
[Black "Pancevski, Filip"]
[Result "1/2-1/2"]
[WhiteElo "2390"]
[BlackElo "2432"]
[PlyCount "135"]
[EventDate "2009.09.19"]

1. d4 d6 2. c4 Nf6 3. Nc3 g6 4. e4 Bg7 5. f3 O-O 6. Bg5 a6 7. Qd2 Nc6 8. Nge2
Rb8 9. Rc1 Bd7 10. Nd5 b5 11. c5 e6 12. Nxf6+ Bxf6 13. h4 Bxg5 14. hxg5 f6 15.
cxd6 cxd6 16. d5 Ne5 17. dxe6 Bxe6 18. Nd4 Bd7 19. gxf6 Qxf6 20. Be2 Kh8 21. b3
Rbe8 22. Rd1 g5 23. O-O Qh6 24. Nc2 Re6 25. Ne3 Rg6 26. Bd3 Qh5 27. Qe1 Rf4 28.
Qg3 Rh4 29. Kf2 Rf6 30. Ke2 Rf8 31. Kd2 Qh6 32. Rf2 Rhf4 33. Rdf1 Be6 34. Bc2
a5 35. Kd1 Qf6 36. Ke1 a4 37. Rd2 g4 38. Bd1 Qe7 39. fxg4 Rxf1+ 40. Nxf1 axb3
41. axb3 Qc7 42. Ne3 d5 43. Nxd5 Bxd5 44. Rxd5 Re8 45. Kf1 Qf7+ 46. Bf3 Qg7 47.
Rxb5 Nc6 48. Kg1 Qd4+ 49. Kh2 Ne5 50. Qf4 Kg8 51. Qg5+ Kh8 52. Qf4 Kg8 53. Be2
Qd6 54. Kh3 Qe7 55. Rxe5 Qxe5 56. Bc4+ Kg7 57. Qxe5+ Rxe5 58. Bd5 Re7 59. g5
Kg6 60. Kh4 Re5 61. b4 Rxg5 62. g4 h5 63. gxh5+ Rxh5+ 64. Kg4 Rh1 65. e5 Rd1
66. Be4+ Kf7 67. Kf4 Rd4 68. Kf5 1/2-1/2

[Event "Prva liga Centalne Srbije 2009"]
[Site "Vrnjacka Banja"]
[Date "2009.09.24"]
[Round "8.4"]
[White "Stankovic, Milos"]
[Black "Dezelin, Milan"]
[Result "1/2-1/2"]
[WhiteElo "2357"]
[BlackElo "2314"]
[PlyCount "44"]
[EventDate "2009.09.19"]

1. e4 c5 2. Nf3 Nc6 3. d4 cxd4 4. Nxd4 g6 5. c4 Bg7 6. Nc2 d6 7. Be2 Be6 8. O-O
Rc8 9. Ne3 Nh6 10. Nc3 Bxc3 11. bxc3 O-O 12. Rb1 b6 13. Nd5 Kg7 14. Qd2 Ng8 15.
Qg5 Na5 16. Rb4 Nc6 17. Rb5 Ne5 18. f4 Nxc4 19. Rb4 Na5 20. c4 f6 21. Bb2 Nc6
22. Ra4 Bd7 1/2-1/2

[Event "Prva liga Centalne Srbije 2009"]
[Site "Vrnjacka Banja"]
[Date "2009.09.24"]
[Round "8.4"]
[White "Djokic, Nebojsa"]
[Black "Milenkovic, Mladen"]
[Result "1/2-1/2"]
[WhiteElo "2216"]
[BlackElo "2341"]
[PlyCount "105"]
[EventDate "2009.09.19"]

1. e4 c5 2. Nf3 d6 3. d4 cxd4 4. Nxd4 Nf6 5. Nc3 g6 6. Be3 Bg7 7. f3 O-O 8. Qd2
Nc6 9. Bc4 Bd7 10. O-O-O Qa5 11. Bb3 Rfc8 12. Kb1 Ne5 13. h4 Nc4 14. Bxc4 Rxc4
15. Nb3 Qa6 16. g4 Be6 17. Bh6 Bh8 18. h5 Rac8 19. hxg6 fxg6 20. Bg5 b5 21. Qh2
Rxc3 22. bxc3 Bf7 23. e5 dxe5 24. Rd7 Qe6 25. Rxa7 e4 26. Nd4 Qc4 27. fxe4 Qxc3
28. e5 h5 29. exf6 Qxd4 30. Qg1 Qb4+ 31. Kc1 Qc3 32. Qg2 exf6 33. Rxf7 Kxf7 34.
Qd5+ Kg7 35. Qd7+ Kg8 36. Qe6+ Kh7 37. Rxh5+ gxh5 38. Qf5+ Kg8 39. Qe6+ Kg7 40.
Qd7+ Kg8 41. Qe6+ Kf8 42. Qd6+ Kf7 43. Qd7+ Kg6 44. Qf5+ Kg7 45. Qd7+ Kg8 46.
Qe6+ Kh7 47. Qf5+ Kg7 48. Qd7+ Kf8 49. Qd6+ Kg8 50. Qe6+ Kg7 51. Qd7+ Kf8 52.
Qd6+ Kg8 53. Qe6+ 1/2-1/2

[Event "Prva liga Centalne Srbije 2009"]
[Site "Vrnjacka Banja"]
[Date "2009.09.24"]
[Round "8.4"]
[White "Misailovic, Nebojsa"]
[Black "Madjar, Stanislav"]
[Result "1-0"]
[WhiteElo "2291"]
[BlackElo "2171"]
[PlyCount "75"]
[EventDate "2009.09.19"]

1. e4 Nf6 2. Nc3 d5 3. exd5 Nxd5 4. Bc4 e6 5. Qf3 Nb4 6. Bb3 N8c6 7. Nge2 Na5
8. Ba4+ Bd7 9. a3 Nd5 10. b4 Bxa4 11. Nxa4 Qd7 12. Nb2 Nc6 13. c4 Nf6 14. O-O
a6 15. d4 Be7 16. Be3 O-O 17. Nd3 Bd6 18. Rfd1 Rfd8 19. Nc3 Qe8 20. Nc5 Rab8
21. h3 Bxc5 22. bxc5 Ne7 23. d5 c6 24. Bf4 Ra8 25. d6 Ng6 26. Bg5 Ne5 27. Qe3
Ned7 28. Rab1 Rab8 29. f4 Rdc8 30. Rb3 Qd8 31. Ne4 Qa5 32. Bxf6 Nxf6 33. Nxf6+
gxf6 34. Qd4 Qd8 35. Rdb1 Rc7 36. f5 Rd7 37. Rg3+ Kh8 38. Qh4 1-0

[Event "Prva liga Centalne Srbije 2009"]
[Site "Vrnjacka Banja"]
[Date "2009.09.24"]
[Round "8.4"]
[White "Zivanovic, Nenad"]
[Black "Marinkovic, Zoran"]
[Result "1-0"]
[WhiteElo "2175"]
[BlackElo "2259"]
[PlyCount "97"]
[EventDate "2009.09.19"]

1. e4 c5 2. Nc3 Nc6 3. g3 g6 4. Bg2 Bg7 5. d3 e6 6. f4 d6 7. Nf3 Nge7 8. Be3
Nd4 9. O-O Qa5 10. Qd2 O-O 11. a3 Rb8 12. Rab1 b5 13. Bf2 Bd7 14. e5 dxe5 15.
Nxe5 Rfd8 16. b4 Qxa3 17. Ne4 Nec6 18. Nxd7 Rxd7 19. Nxc5 Rc7 20. Kh1 Qa2 21.
Rfc1 Nf5 22. Rd1 Nfe7 23. d4 Rd8 24. c3 Qxd2 25. Rxd2 Nd5 26. Rc2 Nb8 27. Ra1
Rd6 28. Kg1 a6 29. Kf1 Bf8 30. Ke2 Be7 31. Kd3 Bd8 32. Be1 Ra7 33. Rca2 Kf8 34.
Bd2 Bc7 35. g4 f5 36. h3 Bd8 37. Re1 Kf7 38. Kc2 Bh4 39. Rf1 Bd8 40. Re1 Bh4
41. Rxe6 Nxb4+ 42. cxb4 Rxd4 43. Rb6 Nd7 44. Bc3 Rxf4 45. Bd5+ Ke7 46. Re6+ Kd8
47. Raxa6 Rf2+ 48. Kb3 Rxa6 49. Rxa6 1-0

[Event "Prva liga Centalne Srbije 2009"]
[Site "Vrnjacka Banja"]
[Date "2009.09.24"]
[Round "8.5"]
[White "Petkov, Vladimir"]
[Black "Panic, Nenad"]
[Result "1-0"]
[WhiteElo "2456"]
[BlackElo "2398"]
[PlyCount "65"]
[EventDate "2009.09.19"]

1. d4 Nf6 2. c4 e6 3. Nc3 c5 4. d5 exd5 5. cxd5 d6 6. e4 g6 7. f4 Bg7 8. Bb5+
Nbd7 9. Nf3 a6 10. Bd3 O-O 11. O-O Re8 12. a4 c4 13. Bc2 Rb8 14. Kh1 Nc5 15. e5
dxe5 16. fxe5 Ng4 17. Bg5 Qa5 18. e6 fxe6 19. h3 Nf6 20. Nh4 Rf8 21. Bxg6 hxg6
22. Nxg6 Bd7 23. Nxf8 Rxf8 24. Bxf6 Rxf6 25. Rxf6 Bxf6 26. Qg4+ Bg7 27. Rf1
exd5 28. Qh5 Ne6 29. Qf7+ Kh8 30. Qxd7 d4 31. Nd5 Nf8 32. Qf7 Qd8 33. Ne7 1-0

[Event "Prva liga Centalne Srbije 2009"]
[Site "Vrnjacka Banja"]
[Date "2009.09.24"]
[Round "8.5"]
[White "Prelevic, Dusko"]
[Black "Pejcic, Milutin"]
[Result "1/2-1/2"]
[WhiteElo "2321"]
[BlackElo "2162"]
[PlyCount "48"]
[EventDate "2009.09.19"]

1. d4 Nf6 2. Bg5 Ne4 3. h4 c5 4. dxc5 Qa5+ 5. Nd2 e6 6. c3 Nxd2 7. Qxd2 Qxc5 8.
e4 Nc6 9. Nf3 h6 10. Be3 Qd6 11. Bd3 Be7 12. g4 b6 13. Qe2 Bb7 14. O-O-O Qc7
15. Kb1 O-O-O 16. Nd4 Nxd4 17. cxd4 Kb8 18. Rc1 Qd6 19. f3 f6 20. h5 Rc8 21.
Qd2 Rxc1+ 22. Rxc1 Rc8 23. Rxc8+ Bxc8 24. f4 Bb7 1/2-1/2

[Event "Prva liga Centalne Srbije 2009"]
[Site "Vrnjacka Banja"]
[Date "2009.09.24"]
[Round "8.6"]
[White "Savicevic, Vlatko"]
[Black "Misojcic, Miroslav"]
[Result "1-0"]
[WhiteElo "2331"]
[BlackElo "2232"]
[PlyCount "69"]
[EventDate "2009.09.19"]

1. e4 c5 2. Nc3 Nc6 3. f4 g6 4. Nf3 Bg7 5. Bb5 e6 6. Bxc6 bxc6 7. e5 d6 8. Ne4
Bf8 9. Nxd6+ Bxd6 10. exd6 Qxd6 11. d3 Nf6 12. O-O O-O 13. Qe2 Nd7 14. b3 Bb7
15. Bb2 f6 16. Rae1 Rae8 17. Nd2 Qc7 18. Qg4 Bc8 19. Qh4 c4 20. Nxc4 c5 21. Re2
Bb7 22. Rfe1 Bd5 23. Ne3 Bb7 24. Ng4 e5 25. fxe5 fxe5 26. Nxe5 Nxe5 27. Bxe5
Qc6 28. Qg3 Qe6 29. Re3 Qd5 30. c4 Qc6 31. Bd6 Rxe3 32. Rxe3 Rd8 33. Re6 Qd7
34. Re7 Qc6 35. Rc7 1-0

[Event "Prva liga Centalne Srbije 2009"]
[Site "Vrnjacka Banja"]
[Date "2009.09.24"]
[Round "8.6"]
[White "Adzic, Momcilo"]
[Black "Pantelic, Sasa"]
[Result "1/2-1/2"]
[WhiteElo "2258"]
[BlackElo "2320"]
[PlyCount "20"]
[EventDate "2009.09.19"]

1. e4 c5 2. Nc3 d6 3. Nf3 Nf6 4. Bb5+ Bd7 5. Bxd7+ Nbxd7 6. O-O g6 7. Re1 Bg7
8. b3 O-O 9. Bb2 Ng4 10. Rb1 Nge5 1/2-1/2

[Event "Prva liga Centalne Srbije 2009"]
[Site "Vrnjacka Banja"]
[Date "2009.09.24"]
[Round "8.6"]
[White "Lazic, Zeljko"]
[Black "Jakovljevic, Marko"]
[Result "0-1"]
[WhiteElo "2181"]
[BlackElo "2002"]
[PlyCount "86"]
[EventDate "2009.09.19"]

1. e4 e5 2. Nf3 Nc6 3. Bc4 Nf6 4. d3 h6 5. c3 d6 6. Nbd2 g6 7. O-O Bg7 8. Re1
O-O 9. Bb3 Kh7 10. Nf1 Na5 11. Bc2 c5 12. Qe2 Nh5 13. h3 Nc6 14. Be3 b5 15.
Rad1 Qa5 16. a3 b4 17. axb4 cxb4 18. Ra1 Qc7 19. d4 bxc3 20. bxc3 a5 21. Bd3
Bd7 22. Bc4 a4 23. Bd5 Nf6 24. Qc4 Rfc8 25. dxe5 Nxd5 26. exd6 Nxe3 27. Nxe3
Qxd6 28. Rad1 Qe6 29. Qd3 Be8 30. Nd4 Nxd4 31. cxd4 Qb3 32. Qe2 a3 33. Rb1 Qa4
34. Nd5 a2 35. Rb4 Qc2 36. Qxc2 Rxc2 37. Ra1 Ra4 38. e5 Rxb4 39. Nxb4 Rc4 40.
Nd5 Rxd4 41. Nc7 Bc6 42. e6 fxe6 43. Nxe6 Rd2 0-1

[Event "Prva liga Centalne Srbije 2009"]
[Site "Vrnjacka Banja"]
[Date "2009.09.24"]
[Round "8.6"]
[White "Draskovic, Dragan"]
[Black "Micic, Nenad"]
[Result "0-1"]
[WhiteElo "2124"]
[BlackElo "2247"]
[PlyCount "120"]
[EventDate "2009.09.19"]

1. d4 Nf6 2. c4 c5 3. e3 e6 4. Nf3 b6 5. Be2 Bb7 6. O-O Be7 7. Nc3 O-O 8. d5
exd5 9. cxd5 d6 10. e4 Nbd7 11. h3 Re8 12. Re1 Bf8 13. Bf1 a6 14. a4 Ne5 15.
Nxe5 dxe5 16. Re3 g6 17. Rg3 Bg7 18. Be2 Qd6 19. Be3 Re7 20. Qd2 Nd7 21. Bh6
Rc8 22. h4 c4 23. Bxg7 Kxg7 24. Bg4 Rc7 25. Bxd7 Rexd7 26. h5 h6 27. hxg6 fxg6
28. Rh3 g5 29. Ne2 Rf7 30. Ng3 Bc8 31. Rh2 b5 32. axb5 axb5 33. Rc1 Rf8 34. Qe2
Rcf7 35. f3 Ra7 36. Nh5+ Kg6 37. Qe3 Ra2 38. g4 Ra6 39. Ng3 Qb6 40. Qxb6+ Rxb6
41. Nf5 Bxf5 42. gxf5+ Kg7 43. Ra1 Rf7 44. Rc2 Kf6 45. Ra8 Rc7 46. Re8 Re7 47.
Rc8 Rg7 48. Kf2 g4 49. Re8 g3+ 50. Kg2 h5 51. Rd2 h4 52. Rh8 Kg5 53. d6 Rf7 54.
Rg8+ Kf4 55. f6 Rbb7 56. Rg7 Rxg7 57. fxg7 Rxg7 58. d7 h3+ 59. Kg1 g2 60. Rd1
Kg3 0-1

[Event "Prva liga Centalne Srbije 2009"]
[Site "Vrnjacka Banja"]
[Date "2009.09.24"]
[Round "8.6"]
[White "Misic, Dragan"]
[Black "Pavlovic, Nebojsa"]
[Result "0-1"]
[WhiteElo "2300"]
[BlackElo "2332"]
[PlyCount "112"]
[EventDate "2009.09.19"]

1. d4 Nf6 2. Nf3 g6 3. g3 Bg7 4. Bg2 d6 5. c4 O-O 6. O-O Nc6 7. Nc3 a6 8. b3
Rb8 9. Bb2 b5 10. cxb5 axb5 11. Rc1 Bd7 12. Qd2 b4 13. Na4 Na5 14. Qg5 c5 15.
Nd2 Bxa4 16. bxa4 Nd7 17. Nb3 Nxb3 18. axb3 cxd4 19. Rc4 Nc5 20. Bxd4 Bxd4 21.
Rxd4 Ne6 22. Qd2 Nxd4 23. Qxd4 Qc7 24. Qe3 Rfc8 25. h4 e6 26. h5 Qc3 27. Qf4 d5
28. e4 dxe4 29. Bxe4 Qxb3 30. hxg6 hxg6 31. Kg2 Qc3 32. a5 b3 33. a6 Rb4 34. a7
Ra4 35. Qb8 Kg7 36. Rb1 Rxe4 37. a8=Q Rxb8 38. Qxb8 Rb4 39. Qe8 Rb6 40. Qd8
Qc6+ 41. Kh2 Rb5 42. Qd4+ Kh7 43. g4 e5 44. Qa4 Qc5 45. Kg3 Rb4 46. Rh1+ Kg7
47. Qe8 Kf6 48. Qd8+ Qe7 49. Qh8+ Ke6 50. Qc8+ Qd7 51. Qa6+ Qd6 52. Qc8+ Kf6
53. Rc1 Rb8 54. Qc3 b2 55. Rb1 Qd4 56. Qc2 Qf4+ 0-1

[Event "Prva liga Centalne Srbije 2009"]
[Site "Vrnjacka Banja"]
[Date "2009.09.24"]
[Round "9.1"]
[White "Misojcic, Miroslav"]
[Black "Kojovic, Dragan"]
[Result "1/2-1/2"]
[WhiteElo "2232"]
[BlackElo "2389"]
[PlyCount "80"]
[EventDate "2009.09.19"]

1. d4 Nf6 2. c4 e6 3. Nc3 Bb4 4. e3 b6 5. Nge2 Bb7 6. a3 Be7 7. d5 O-O 8. e4 d6
9. g3 c5 10. Bg2 Na6 11. O-O exd5 12. exd5 Nc7 13. b3 Bc8 14. h3 Bd7 15. a4 a6
16. Bf4 b5 17. g4 bxc4 18. bxc4 Rb8 19. Qd3 Rb4 20. a5 Qa8 21. Rfb1 Rfb8 22.
Na2 Rb2 23. Bc1 R2b7 24. Nac3 Nce8 25. Rxb7 Rxb7 26. g5 Nh5 27. Bf3 g6 28. Bxh5
gxh5 29. Nf4 Qc8 30. Ne4 Bf5 31. Nxh5 Bxe4 32. Qxe4 Qxh3 33. Ng3 Bf8 34. Be3
Re7 35. Qf3 Bg7 36. Rb1 Be5 37. Qg2 Qg4 38. Qe4 Qh3 39. Qg2 Qg4 40. Qe4 Qh3
1/2-1/2

[Event "Prva liga Centalne Srbije 2009"]
[Site "Vrnjacka Banja"]
[Date "2009.09.24"]
[Round "9.1"]
[White "Solomunovic, Igor"]
[Black "Urosevic, Zoran"]
[Result "1-0"]
[WhiteElo "2422"]
[BlackElo "2292"]
[PlyCount "125"]
[EventDate "2009.09.19"]

1. e4 c5 2. Nf3 d6 3. Bc4 Nf6 4. d3 e6 5. Bb3 Be7 6. c3 O-O 7. O-O b6 8. Re1
Bb7 9. Nbd2 Qc7 10. Bc2 Nc6 11. Nf1 Ne5 12. Ng3 Rac8 13. h3 Nxf3+ 14. Qxf3 Nd7
15. Qe2 g6 16. f4 Bf6 17. Bb3 Ba6 18. Bc2 Bb7 19. Be3 Rfe8 20. Rad1 Bg7 21. Qf2
f5 22. Bb3 Kh8 23. Re2 Nf6 24. Bc1 c4 25. Bxc4 fxe4 26. Bb5 exd3 27. Bxd3 e5
28. f5 e4 29. Bc2 d5 30. Be3 Rf8 31. Bd4 Ne8 32. Bb3 Bxd4 33. Qxd4+ Nf6 34. Qe3
gxf5 35. Nxf5 Qe5 36. Rf2 Rcd8 37. Qd4 Qxd4 38. Rxd4 Ne8 39. c4 Nc7 40. cxd5
Bxd5 41. Bxd5 Rxd5 42. Rxd5 Nxd5 43. Nd6 Rxf2 44. Kxf2 Nb4 45. Nc8 Nxa2 46.
Nxa7 Nb4 47. Ke3 Nd3 48. b3 Kg7 49. Nc8 b5 50. Na7 Nc5 51. b4 Na6 52. Nc6 Kf6
53. Kxe4 Ke6 54. Nd4+ Kf6 55. Nc2 Ke6 56. g3 h6 57. Kd4 h5 58. Ke4 Kf6 59. Kd5
Kf5 60. Kd4 h4 61. g4+ Kf4 62. Kd5 Kg3 63. Kd6 1-0

[Event "Prva liga Centalne Srbije 2009"]
[Site "Vrnjacka Banja"]
[Date "2009.09.24"]
[Round "9.1"]
[White "Pantelic, Sasa"]
[Black "Rabrenovic, Vladan"]
[Result "1/2-1/2"]
[WhiteElo "2320"]
[BlackElo "2380"]
[PlyCount "61"]
[EventDate "2009.09.19"]

1. d4 c5 2. dxc5 e6 3. Nc3 Bxc5 4. Ne4 d5 5. Nxc5 Qa5+ 6. c3 Qxc5 7. e4 Ne7 8.
exd5 exd5 9. Nf3 Nbc6 10. Be2 O-O 11. O-O Qb6 12. Bd3 h6 13. Re1 Rd8 14. Ne5
Nxe5 15. Rxe5 Qf6 16. Re1 Be6 17. Be3 Nc6 18. Qa4 d4 19. cxd4 Nxd4 20. Rad1
Nf3+ 21. gxf3 Rxd3 22. Rxd3 Qg6+ 23. Kh1 Qxd3 24. Qe4 Qd7 25. Rg1 Bd5 26. Qf4
Qh3 27. Rg3 Qf1+ 28. Rg1 Qe2 29. Rg3 Qf1+ 30. Rg1 Qe2 31. Rg3 1/2-1/2

[Event "Prva liga Centalne Srbije 2009"]
[Site "Vrnjacka Banja"]
[Date "2009.09.24"]
[Round "9.1"]
[White "Irizanin, Radoje"]
[Black "Lazic, Zeljko"]
[Result "1-0"]
[WhiteElo "2303"]
[BlackElo "2181"]
[PlyCount "83"]
[EventDate "2009.09.19"]

1. e4 g6 2. Nc3 c5 3. f4 Bg7 4. Nf3 Nc6 5. Bb5 Nd4 6. Bd3 d6 7. Nxd4 Bxd4 8.
Ne2 Bg7 9. O-O Nf6 10. c3 O-O 11. Bc2 a6 12. Kh1 c4 13. a4 Qa5 14. d4 cxd3 15.
Bxd3 Bd7 16. f5 Bc6 17. Ng3 b5 18. b4 Qb6 19. a5 Qc7 20. Bg5 Rfe8 21. Rc1 Qb7
22. Qb3 Rf8 23. Rf4 Rac8 24. Rcf1 Qc7 25. Ne2 d5 26. Bxf6 Bxf6 27. exd5 Qd6 28.
fxg6 hxg6 29. Be4 Bb7 30. R4f3 Rc4 31. Ng3 Qe5 32. Qb1 Kg7 33. Nf5+ gxf5 34.
Bd3 Rh8 35. h3 Bxd5 36. Bxc4 Bxf3 37. Rxf3 bxc4 38. Rxf5 Qxc3 39. Qe4 Rd8 40.
Rh5 Rh8 41. Qg4+ Bg5 42. Rxg5+ 1-0

[Event "Prva liga Centalne Srbije 2009"]
[Site "Vrnjacka Banja"]
[Date "2009.09.24"]
[Round "9.1"]
[White "Misic, Dragan"]
[Black "Mirkovic, Stevan"]
[Result "1-0"]
[WhiteElo "2300"]
[BlackElo "2245"]
[PlyCount "67"]
[EventDate "2009.09.19"]

1. d4 Nf6 2. Nf3 e6 3. c4 b6 4. g3 Ba6 5. Qc2 c5 6. Bg2 Bb7 7. dxc5 Bxc5 8. O-O
O-O 9. Nc3 Be7 10. e4 d6 11. b3 Nbd7 12. Ba3 a6 13. Rad1 Qc7 14. Nd4 Rac8 15.
Rc1 Rfe8 16. Rfe1 Qb8 17. Qb1 Bd8 18. h3 Bc7 19. Kh2 h5 20. Nf3 d5 21. exd5
exd5 22. cxd5 Nxd5 23. Nxd5 Bxd5 24. Ng5 Nf6 25. Bxd5 Rxe1 26. Bxf7+ Kh8 27.
Rxe1 h4 28. Ne4 Nxe4 29. Qxe4 Bxg3+ 30. Kg2 Bxf2 31. Qe8+ Kh7 32. Bg6+ Kh6 33.
Bc1+ Rxc1 34. Qxb8 1-0

[Event "Prva liga Centalne Srbije 2009"]
[Site "Vrnjacka Banja"]
[Date "2009.09.24"]
[Round "9.1"]
[White "Radivojevic, Miladin"]
[Black "Tomic, Miroslav Lj"]
[Result "1/2-1/2"]
[WhiteElo "2163"]
[BlackElo "2149"]
[PlyCount "117"]
[EventDate "2009.09.19"]

1. e4 c6 2. Nf3 d5 3. Nc3 Bg4 4. exd5 cxd5 5. Be2 Nc6 6. O-O e6 7. Nb5 Qb6 8.
Nfd4 Bxe2 9. Qxe2 Nxd4 10. Nxd4 Qxd4 11. Qb5+ Kd8 12. Qxb7 Rc8 13. Qxf7 Qf6 14.
Qxa7 Bc5 15. Qa5+ Ke7 16. c3 Nh6 17. Qa4 Rhf8 18. d4 Bd6 19. h3 Rc7 20. Qd1 Qh4
21. Qd3 Ng8 22. a4 Nf6 23. Qe3 Ne4 24. f4 g6 25. a5 Kf7 26. Kh2 Kg7 27. g3 Qf6
28. h4 h6 29. Bd2 Qf5 30. Qe2 Nf6 31. Rfe1 Re8 32. a6 Ne4 33. Rf1 Nf6 34. Be1
Qe4 35. Qxe4 Nxe4 36. Rf3 Rb8 37. b4 Ra7 38. Re3 Rb6 39. Kh3 Rbxa6 40. Rxa6
Rxa6 41. c4 Ra2 42. c5 Bb8 43. b5 Rb2 44. b6 h5 45. Ra3 Rc2 46. Rd3 Re2 47. Rd1
Nf6 48. c6 Ng4 49. Rd2 Rxe1 50. Rc2 Ne3 51. c7 Bxc7 52. bxc7 Nxc2 53. c8=Q Nxd4
54. Qc3 Re4 55. Qc7+ Kf6 56. Qb8 Kf7 57. Qc7+ Kf6 58. Qd6 Kf7 59. Qd7+ 1/2-1/2

[Event "Prva liga Centalne Srbije 2009"]
[Site "Vrnjacka Banja"]
[Date "2009.09.24"]
[Round "9.2"]
[White "Organdziev, Oliver"]
[Black "Draskovic, Dragan"]
[Result "1-0"]
[WhiteElo "2297"]
[BlackElo "2124"]
[PlyCount "77"]
[EventDate "2009.09.19"]

1. e4 e6 2. d4 d5 3. e5 c5 4. c3 Nc6 5. Nf3 Qb6 6. Be2 Bd7 7. O-O cxd4 8. cxd4
Nh6 9. Nc3 Nf5 10. Na4 Qd8 11. b3 Rc8 12. a3 a6 13. Nc5 Ncxd4 14. Nxd4 Nxd4 15.
Qxd4 Bxc5 16. Qg4 g6 17. Bh6 Bf8 18. Bxf8 Kxf8 19. Rfc1 Kg7 20. h4 Qe7 21. h5
Rxc1+ 22. Rxc1 Rc8 23. Rxc8 Bxc8 24. b4 Bd7 25. Bd3 f5 26. Qd4 Bc6 27. Qb6 Qg5
28. hxg6 hxg6 29. Bxa6 d4 30. Bf1 d3 31. Qc7+ Kh6 32. Qb8 Qc1 33. Qh8+ Kg5 34.
g3 Kg4 35. Qh3+ Kf3 36. Qg2+ Kg4 37. f3+ Kg5 38. Qh3 Qe3+ 39. Kh2 1-0

[Event "Prva liga Centalne Srbije 2009"]
[Site "Vrnjacka Banja"]
[Date "2009.09.24"]
[Round "9.3"]
[White "Govedarica, Radovan"]
[Black "Petkov, Vladimir"]
[Result "0-1"]
[WhiteElo "2394"]
[BlackElo "2456"]
[PlyCount "74"]
[EventDate "2009.09.19"]

1. e4 e5 2. Nf3 Nc6 3. Bb5 Nf6 4. O-O Nxe4 5. d4 Nd6 6. Bxc6 dxc6 7. dxe5 Nf5
8. Qxd8+ Kxd8 9. Nc3 Ke8 10. b3 Ne7 11. h3 Ng6 12. Rd1 Be7 13. Ne2 a5 14. Bb2
a4 15. Nd2 h5 16. Kh2 Bf5 17. Nd4 Bd7 18. Re1 Nf4 19. g3 Ne6 20. N2f3 c5 21.
Nxe6 fxe6 22. Nd2 Rf8 23. Kg1 Bc6 24. Ne4 c4 25. bxc4 a3 26. Bd4 h4 27. Nd2
hxg3 28. fxg3 Rd8 29. c3 b6 30. Rf1 Rh8 31. Kh2 Ba8 32. Rad1 c5 33. Bg1 Rh5 34.
Nb1 Rxd1 35. Rxd1 Rxe5 36. Rd2 Bg5 37. Rc2 Re1 0-1

[Event "Prva liga Centalne Srbije 2009"]
[Site "Vrnjacka Banja"]
[Date "2009.09.24"]
[Round "9.3"]
[White "Paunovic, Tomislav"]
[Black "Lapcevic, Milos"]
[Result "0-1"]
[WhiteElo "2355"]
[BlackElo "2390"]
[PlyCount "112"]
[EventDate "2009.09.19"]

1. d4 Nf6 2. c4 e6 3. Nc3 Bb4 4. Qc2 c5 5. dxc5 O-O 6. Nf3 Na6 7. c6 bxc6 8. a3
Bxc3+ 9. Qxc3 Nc5 10. Qc2 a5 11. Bf4 Nce4 12. c5 a4 13. Nd2 Qa5 14. Rc1 d5 15.
cxd6 e5 16. f3 exf4 17. fxe4 Be6 18. Qc5 Qxd2+ 19. Kxd2 Nxe4+ 20. Kd3 Nxc5+ 21.
Rxc5 Bd5 22. e4 fxe3 23. Kxe3 Rfe8+ 24. Kf2 Rab8 25. Rc2 Red8 26. Be2 Rxd6 27.
Bf3 Rf6 28. Re1 g5 29. h3 Kg7 30. Re3 Rb5 31. Ke2 Re6 32. Bxd5 cxd5 33. Kd2
Rxe3 34. Kxe3 h5 35. Kd4 f6 36. Rf2 Kg6 37. Rc2 h4 38. Rf2 Kh5 39. Ke3 f5 40.
Kd4 Kg6 41. Ke5 f4 42. Rc2 d4+ 43. Kxd4 Kf5 44. Rf2 Rb3 45. Re2 f3 46. Re5+ Kf6
47. gxf3 Rxf3 48. Re3 Rxe3 49. Kxe3 Ke5 50. Kf3 Kf5 51. Ke3 g4 52. hxg4+ Kxg4
53. Kf2 Kf4 54. Kg2 Ke3 55. Kh3 Kd2 56. Kxh4 Kc2 0-1

[Event "Prva liga Centalne Srbije 2009"]
[Site "Vrnjacka Banja"]
[Date "2009.09.24"]
[Round "9.3"]
[White "Dezelin, Milan"]
[Black "Manic, Jovica"]
[Result "1/2-1/2"]
[WhiteElo "2314"]
[BlackElo "2257"]
[PlyCount "23"]
[EventDate "2009.09.19"]

1. d4 c5 2. dxc5 Na6 3. Nf3 Nxc5 4. e3 Nf6 5. Be2 g6 6. O-O Bg7 7. c4 O-O 8.
Nc3 d6 9. Nd4 a6 10. b3 Qc7 11. Bb2 Bd7 12. Rc1 1/2-1/2

[Event "Prva liga Centalne Srbije 2009"]
[Site "Vrnjacka Banja"]
[Date "2009.09.24"]
[Round "9.3"]
[White "Todorovic, Bojan"]
[Black "Djokic, Nebojsa"]
[Result "1/2-1/2"]
[WhiteElo "2308"]
[BlackElo "2216"]
[PlyCount "26"]
[EventDate "2009.09.19"]

1. d4 Nf6 2. c4 g6 3. Nc3 Bg7 4. e4 d6 5. f3 O-O 6. Bg5 Nc6 7. Nge2 a6 8. Qd2
Rb8 9. Nc1 e5 10. d5 Nd4 11. Nb3 c5 12. Bd3 Bd7 13. O-O b5 1/2-1/2

[Event "Prva liga Centalne Srbije 2009"]
[Site "Vrnjacka Banja"]
[Date "2009.09.24"]
[Round "9.3"]
[White "Madjar, Stanislav"]
[Black "Markovic, Dejan M"]
[Result "1/2-1/2"]
[WhiteElo "2171"]
[BlackElo "2403"]
[PlyCount "23"]
[EventDate "2009.09.19"]

1. c4 c6 2. e4 d5 3. exd5 cxd5 4. cxd5 Nf6 5. Bb5+ Bd7 6. Bc4 b5 7. Bb3 Na6 8.
Qe2 Nc5 9. d4 Nxb3 10. axb3 Nxd5 11. Nc3 Bc6 12. Nf3 1/2-1/2

[Event "Prva liga Centalne Srbije 2009"]
[Site "Vrnjacka Banja"]
[Date "2009.09.24"]
[Round "9.3"]
[White "Pejcic, Milutin"]
[Black "Zivanovic, Nenad"]
[Result "1/2-1/2"]
[WhiteElo "2162"]
[BlackElo "2121"]
[PlyCount "62"]
[EventDate "2009.09.19"]

1. Nf3 Nf6 2. c4 e6 3. g3 d5 4. b3 Be7 5. Bg2 c5 6. cxd5 Nxd5 7. Bb2 O-O 8. O-O
Nc6 9. Nc3 Nxc3 10. Bxc3 Qc7 11. Qc1 e5 12. Qb2 f6 13. Rfc1 Be6 14. d3 Qd7 15.
a3 Rac8 16. Nd2 Nd4 17. Bxd4 cxd4 18. b4 b6 19. b5 Bd5 20. Bxd5+ Qxd5 21. a4
Rc5 22. Rxc5 Bxc5 23. Qa2 Qxa2 24. Rxa2 Bb4 25. Nc4 Rc8 26. a5 bxa5 27. Nxa5
Rc1+ 28. Kg2 Rb1 29. Nc6 Bc5 30. Nxa7 Bxa7 31. Rxa7 Rxb5 1/2-1/2